Vicepresidentes de la República Dominicana : (Registro nro. 7827)

Detalles MARC
000 -LIDER
fixed length control field 00947nam a2200265 a 4500
001 - NÚMERO DE CONTROL
Identificador de número de control 000015402
003 - IDENTIFICACDOR DE NÚMERO DE CONTROL
control field DO-SdBNP
005 - DATE AND TIME OF LATEST TRANSACTION
control field 20180409114808.0
007 - CAMPOS FIJOS DE DESCRIPCIÓN FÍSICA
fixed length control field 000015402
008 - ELEMENTOS DE LONGITUD FIJA
fixed length control field 100208s2003 dr 001 0 spa d
040 ## - FUENTE DE CATALOGACIÓN
Agencia que crea de manera original el registro BPMSU
Idioma de catalogación spa
Agencia que realiza la transcripción BPMSU
082 #4 - NÚMERO DE CLASIFICACIÓN DECIMAL DE DEWEY
Classification number 923.2
Item number V468v
100 1# - ASIENTO PRINCIPAL -- NOMBRE PERSONAL
Nombre personal Ventura, Juan
245 10 - MENCIÓN DE TITULO
Título Vicepresidentes de la República Dominicana :
Subtítulo resúmenes biográficos de los vices de 1854 a 2003 /
Mención de responsabilidad Juan Ventura ; palabras preliminares Lipe Collado.
260 ## - PUBLICACIÓN, DISTRIBUCIÓN, ETC. (PIE DE IMPRENTA)
Lugar de publicación, distribución, etc Santo Domingo :
Nombre del editor, distribuidor, etc. Collado,
Fecha de publicación, distribución, etc 2003.
300 ## - DESCRIPCIÓN FÍSICA
Extensión 91,[6] p. :
Dimensiones 21 cm.
500 ## - NOTA GENERAL
Nota general Incluye índice onomástico.
650 #4 - ENCABEZAMIENTO DE MATERIA--TEMÁTICO
Término temático o nombre geográfico como elemento de entrada VICEPRESIDENTES
Subdivisión geográfica REPÚBLICA DOMINICANA
Subdivisión temática general BIOGRAFÍAS
Subdivisión cronológica 1854-2003
Fuente del encabezamiento o término SEARS
650 #7 - ENCABEZAMIENTO DE MATERIA--TEMÁTICO
Término temático o nombre geográfico como elemento de entrada POLÍTICOS
Subdivisión geográfica REPÚBLICA DOMINICANA
Subdivisión de forma BIOGRAFÍAS
Subdivisión cronológica 1854-2003
700 1# - ASIENTO SECUNDARIO -- NOMBRE PERSONAL
Nombre personal Collado, Lipe
910 ## - VALIDACIÓN
Validación Validado. Control de calidad MFF
942 ## - ADDED ENTRY ELEMENTS (KOHA)
Source of classification or shelving scheme Dewey Decimal Classification
Koha item type Libros
945 ## - INFORMACIÓN DE PROCESAMIENTO LOCAL
Información de procesamiento local inventariado / 2018 VM
956 ## - LOCAL ELECTRONIC LOCATION AND ACCESS (OCLC)
Nombre de host VMATEO
Número de acceso 10
Información de compresión 20170215
Trayectoria BPMSU
Nombre Electrónico 0069
Método de acceso
Existencias
Withdrawn status Lost status Source of classification or shelving scheme Damaged status Not for loan Collection code Home library Current library Date acquired Source of acquisition Total Checkouts Full call number Barcode Date last seen Price effective from Koha item type Copy number
    Dewey Decimal Classification     Colección Dominicana Biblioteca Pública Metropolitana Salomé Ureña Biblioteca Pública Metropolitana Salomé Ureña 05/08/2015 COMPRA   923.2 V468v BPMSU15051613 05/08/2015 05/08/2015 Libros  
    Dewey Decimal Classification     Colección Dominicana Biblioteca Pública Metropolitana Salomé Ureña Biblioteca Pública Metropolitana Salomé Ureña 05/08/2015 COMPRA   923.2 V468v BPMSU15051614 05/08/2015 05/08/2015 Libros e. 2
    Dewey Decimal Classification     Colección Dominicana Biblioteca Pública Metropolitana Salomé Ureña Biblioteca Pública Metropolitana Salomé Ureña 05/08/2015 c   923.2 V468v BPMSU15051615 05/08/2015 05/08/2015 Libros e. 3